250 Special Bible readings. (Record no. 3762)

000 -LEADER
fixed length control field 00550nam a2200181 a 4500
001 - CONTROL NUMBER
control field :::00001497$&:&@@
003 - CONTROL NUMBER IDENTIFIER
control field OkBaRHE
005 - DATE AND TIME OF LATEST TRANSACTION
control field 20000607103244.0
008 - FIXED-LENGTH DATA ELEMENTS--GENERAL INFORMATION
fixed length control field s1909 j 000 0 eng u
040 ## - CATALOGING SOURCE
Transcribing agency
100 1# - MAIN ENTRY--PERSONAL NAME
Personal name Beveridge, J. R.
245 10 - TITLE STATEMENT
Title 250 Special Bible readings.
260 ## - PUBLICATION, DISTRIBUTION, ETC. (IMPRINT)
Place of publication, distribution, etc Chicago, IL., :
Name of publisher, distributor, etc J. R. Beveridge
Date of publication, distribution, etc c1909
300 ## - PHYSICAL DESCRIPTION
Extent 93 p. ;
Dimensions 19 cm.
650 ## - SUBJECT ADDED ENTRY--TOPICAL TERM
Topical term or geographic name as entry element Bible
General subdivision Study
-- Outlines, Syllabi, etc.
942 ## - ADDED ENTRY ELEMENTS (KOHA)
Source of classification or shelving scheme
Koha item type Books
Copies
Full call number Not for loan Withdrawn status Date last seen Copy number Barcode Permanent Location Lost status Koha item type Damaged status Source of classification or shelving scheme Date acquired Shelving location Price effective from
BS 591 .B289  2018-03-1211497RHEMA Bible Training College Books  2010-04-14General Stacks2010-04-14